<?xml version="1.0" encoding="UTF-8"?>
<record
    xmlns:xsi="http://www.w3.org/2001/XMLSchema-instance"
    xsi:schemaLocation="http://www.loc.gov/MARC21/slim http://www.loc.gov/standards/marcxml/schema/MARC21slim.xsd"
    xmlns="http://www.loc.gov/MARC21/slim">

  <leader>01489nam a22001457a 4500</leader>
  <controlfield tag="008">120705t        xxu||||| |||| 00| 0 eng d</controlfield>
  <datafield tag="020" ind1=" " ind2=" ">
    <subfield code="a">998863000x</subfield>
  </datafield>
  <datafield tag="050" ind1=" " ind2=" ">
    <subfield code="a">PZ7.S8482.Tr1</subfield>
  </datafield>
  <datafield tag="100" ind1=" " ind2=" ">
    <subfield code="a">Stevenson, Robert Louis</subfield>
  </datafield>
  <datafield tag="245" ind1=" " ind2=" ">
    <subfield code="a">Treasure Island. /</subfield>
    <subfield code="c">Robert Louis Stevenson</subfield>
  </datafield>
  <datafield tag="260" ind1=" " ind2=" ">
    <subfield code="a">Accra:</subfield>
    <subfield code="b">Excellent Publishing and Printing,</subfield>
    <subfield code="c">2007.</subfield>
  </datafield>
  <datafield tag="300" ind1=" " ind2=" ">
    <subfield code="a">ix, 287 p.:</subfield>
    <subfield code="c">20cm.</subfield>
  </datafield>
  <datafield tag="505" ind1=" " ind2=" ">
    <subfield code="a">Contents:The Old Buccaner: The Old sea -dong at the admiral benhow -- Black dog appears and disappears -- The black spot -- The sea chest -- The last of the blind man -- The captian's papers -- The sea cook:I go to bristol -- At the sign of the spy-Glass -- Powder and arms -- The Voyage -- What i heard in the apple barrel -- Council of war -- My Shore adventure began -- The First blow -- The Man of the island -- The Stockade:Narrative continued by the doctor:How the ship was abandoned -- Narrative continued by the doctor:The jolly-boat's last trip -- Narrative continued by the doctor:End of the first day's  fighting -- Narrative resumed by Jim Hawkins: The Garrison in the stockade -- Silver's embassy -- The attack -- My Sea Adventure:How my sea adventure began -- The Ebb-tide runs -- The cruise of the coracle -- I Strike the jolly roger -- Isreal hands -- Pieces of eight -- Captain Silver:In the enemy's camp -- The black spot again -- On parole -- The Tresure hunt - flint's pointer -- The Treasure hunt - The voice among the trees -- The fall of a chieftain -- And Last </subfield>
  </datafield>
  <datafield tag="942" ind1=" " ind2=" ">
    <subfield code="2">lcc</subfield>
    <subfield code="c">BK</subfield>
  </datafield>
  <datafield tag="999" ind1=" " ind2=" ">
    <subfield code="c">1627</subfield>
    <subfield code="d">9127</subfield>
  </datafield>
  <datafield tag="952" ind1=" " ind2=" ">
    <subfield code="0">0</subfield>
    <subfield code="1">0</subfield>
    <subfield code="2">lcc</subfield>
    <subfield code="4">0</subfield>
    <subfield code="7">0</subfield>
    <subfield code="a">WIUC-1</subfield>
    <subfield code="b">WIUC-1</subfield>
    <subfield code="c">GEN</subfield>
    <subfield code="d">2012-07-05</subfield>
    <subfield code="l">0</subfield>
    <subfield code="o">PZ7.S8482.Tr1</subfield>
    <subfield code="p">4411/12</subfield>
    <subfield code="r">2012-07-05 00:00:00</subfield>
    <subfield code="t">1</subfield>
    <subfield code="w">2012-07-05</subfield>
    <subfield code="y">BK</subfield>
  </datafield>
</record>
